000 00499nam a2200193Ia 4500
005 20240823050124.0
008 240823s9999||||xx |||||||||||||| ||und||
020 _a978-0-07-099487-4
041 _aENGLISH
082 _A574.1925 Q3
100 _aDavid T Plummer
245 3 _aAn Introduction to Practical Biochemistry
250 _a3rd
260 _c2013
_bMcGraw - Hill Higher Educ
_aNew York
500 _aTRANSFERED
650 _aBiochemistry
_bChemistry
942 _cBK
999 _c216528
_d216528